Normal view MARC view
  • Choong, Kwai Fatt,

Entry Personal Name

Number of records used in: 2

001 - CONTROL NUMBER

  • control field: 332

003 - CONTROL NUMBER IDENTIFIER

  • control field: OSt

005 - DATE AND TIME OF LATEST TRANSACTION

  • control field: 20170420103752.0

008 - FIXED-LENGTH DATA ELEMENTS

  • fixed length control field: 170420|| aca||aabn | a|a d

040 ## - CATALOGING SOURCE

  • Original cataloging agency: OSt
  • Transcribing agency: OSt

100 ## - HEADING--PERSONAL NAME

  • Personal name: Choong, Kwai Fatt,
  • Dates associated with a name: 1965-

670 ## - SOURCE DATA FOUND

  • Source citation: Work cat.: (OSt)0: Choong, Kwai Fatt, 1965-, Istilah percukaian English-bahasa Malaysia, bahasa Malaysia-English :, 2004
Pusat Sumber Maklumat Dato' Haji Sarmin Md Hussin, Akademi Kastam Diraja Malaysia, Melaka
Tel: 06-2331106 | Faks: 06-2313787